Khảo sát một số chỉ tiêu vi sinh vật trên thịt bò tại cơ sở giết mổ gia súc huyện Thủ Thừa và bày bán ở chợ thành phố Tân An, tỉnh Long An : Luận văn Thạc sĩ Khoa học nông nghiệp. Chuyên ngành Thú y
Đề tài khảo sát tình hình giết mổ và vệ sinh thú y tại cơ sở giết mổ và chợ, đánh giá mức độ vấy nhiễm vi sinh vật trong thịt bò tươi tại cơ sở giết mổ và chất lượng thịt bò được bày bán tại chợ....
Tallennettuna:
| Päätekijä: | |
|---|---|
| Aineistotyyppi: | Kirja |
| Kieli: | Undetermined |
| Julkaistu: |
Cần Thơ
Trường đại học Cần Thơ
2014
|
| Aiheet: | |
| Tagit: |
Lisää tagi
Ei tageja, Lisää ensimmäinen tagi!
|
| Thư viện lưu trữ: | Trung tâm Học liệu Trường Đại học Cần Thơ |
|---|
| LEADER | 01297nam a2200229Ia 4500 | ||
|---|---|---|---|
| 001 | CTU_198631 | ||
| 008 | 210402s9999 xx 000 0 und d | ||
| 082 | |a 636.2089 | ||
| 082 | |b Tr121 | ||
| 088 | |a 60640101 | ||
| 100 | |a Trần, Thị Bảo Trân | ||
| 245 | 0 | |a Khảo sát một số chỉ tiêu vi sinh vật trên thịt bò tại cơ sở giết mổ gia súc huyện Thủ Thừa và bày bán ở chợ thành phố Tân An, tỉnh Long An : | |
| 245 | 0 | |b Luận văn Thạc sĩ Khoa học nông nghiệp. Chuyên ngành Thú y | |
| 245 | 0 | |c Trần Thị Bảo Trân ; Lưu Hữu Mãnh (Cán bộ hướng dẫn) | |
| 260 | |a Cần Thơ | ||
| 260 | |b Trường đại học Cần Thơ | ||
| 260 | |c 2014 | ||
| 520 | |a Đề tài khảo sát tình hình giết mổ và vệ sinh thú y tại cơ sở giết mổ và chợ, đánh giá mức độ vấy nhiễm vi sinh vật trong thịt bò tươi tại cơ sở giết mổ và chất lượng thịt bò được bày bán tại chợ. | ||
| 650 | |a Veterinary virology,Vi rút học thú y | ||
| 904 | |i Hải | ||
| 910 | |a Khánh | ||
| 980 | |a Trung tâm Học liệu Trường Đại học Cần Thơ | ||